Contribución de la fijación biológica de nitrógeno a la nutrición nitrogenada de la alfalfa en la región pampeana /

Guardado en:
Autor Principal: Racca, R. W.
Formato: Libro
Publicado: Argentina : Inta, 2001
Materias:
Etiquetas: Agregar Etiqueta
Sin Etiquetas, Sea el primero en etiquetar este registro!
LEADER 00857nam a22002175a 4500
001 CEM.cems017105
005 20090828180948.0
008 130507s2001##################000#0#####d
003 CEMS
020 |a 9875218455 
082 0 4 |a 633 
100 1 |a Racca, R. W. 
245 1 0 |a Contribución de la fijación biológica de nitrógeno a la nutrición nitrogenada de la alfalfa en la región pampeana /  |c R. W. Racca y Otros 
260 |a Argentina :  |b Inta,  |c 2001 
300 |a 56 p. 
500 |a Elaborado a partir de los datos obtenidos en el proyecto nacional del Inta Nº 80-004. "fijación biológica de nitrógeno en la alfalfa para el desarrollo sostenible de los sistemas agrícola-ganaderos" (pronalfa) 
653 |a Alfalfa 
653 |a Nutrición 
653 |a Pronalfa 
653 |a Nitrógeno 
859 |a CEMS  |b BIB. CEMS - Agricultura  |h 633  |i R114  |p A0796.08  |t Ej.1